Escritos filosóficos y políticos

Salvato in:
Dettagli Bibliografici
Autore principale: Sade, Donatien Alphonse Francois, Márquez de
Natura: Libro
Lingua:Undetermined
Pubblicazione: México, Distrito Federal Grijalbo 1969
Soggetti:
Tags: Aggiungi Tag
Nessun Tag, puoi essere il primo ad aggiungerne!!

MARC

LEADER 00000nam a2200000Ia 4500
008 170316s9999 xx 000 0 und d
090 |a 100 S-3e 
100 |a Sade, Donatien Alphonse Francois, Márquez de 
245 |a Escritos filosóficos y políticos 
260 |a México, Distrito Federal 
260 |b Grijalbo 
260 |c 1969 
300 |a 156 páginas 
650 |a FILOSOFÍA 
650 |a SADE 
650 |a POLÍTICA 
999 |c 17637  |d 17637 
040 |a cru BVZT 
942 |c 15 D  |h 100 S-3e  |2 z